| 000 | 00435nam a2200157Ia 4500 | ||
|---|---|---|---|
| 008 | 231221s9999 xx 000 0 und d | ||
| 020 | _a81-7992-484-X | ||
| 041 | _aEnglish | ||
| 082 | _a647.9 BEL;1 R | ||
| 100 | _aBell, Chip R | ||
| 245 | 0 | _aCustomer love : attracting and keeping customers for life | |
| 260 |
_c2005 _bJaico _aMumbai |
||
| 300 | _a180 | ||
| 650 | _aCustomer,love,:,attracting,keeping,customers | ||
| 942 | _cHM | ||
| 999 |
_c208106 _d208106 |
||